Les 6 départements composant la région Provence-Alpes-Côte d'Azur (PACA) - Statistiques

Statistiques générales
  • Ce quiz a été pris 777 fois
  • Le résultat moyen est 5 sur 6
Statistiques - réponses
Départements % Correct
Var
93%
Alpes Maritimes
89%
Bouches du Rhône
83%
Vaucluse
83%
Hautes Alpes
77%
Alpes de Haute Provence
73%
Aucun quiz correspondant
Distribution des résultats
% des personnes avec chaque résultat
Percentile par nombre de réponses
Votre historique - résultats
Vous n’avez pas pris ce quiz